| 000 | 01478nam0a22003971 4500 | ||
|---|---|---|---|
| 001 | RU\NLR\BIBL_A\022792626 | ||
| 005 | 20260426081217.0 | ||
| 010 |
_a5-09-004643-3 _9102000 |
||
| 020 |
_aRU _b94-4558 |
||
| 021 |
_aRU _b93-28878 |
||
| 035 | _a(NLR Aleph) 022792626 | ||
| 035 | _a(RuMoRGB)001672023 | ||
| 035 | _a(RuMoRKP)ru93-28878 | ||
| 090 |
_a13698529 _c13698529 |
||
| 100 | _a20260422d1993 u y0rusy50 ca | ||
| 101 | 0 | _arus | |
| 102 | _aRU | ||
| 105 | _aa zzzz || | ||
| 181 | 0 |
_ai _baxxe |
|
| 182 | 0 | _an | |
| 200 | 1 |
_aУчимся общаться с ребенком _eРуководство для воспитателя дет. сада _f[В. А. Петровский и др. _gПредисл. Р. Б. Стеркиной] |
|
| 203 |
_aТекст _bвизуальный _cнепосредственный |
||
| 210 |
_aМ. _cПросвещение _d1993 |
||
| 215 |
_a190,[1] с. _cил. _d20 см. |
||
| 610 | 0 | _aОбщение в педагогике | |
| 610 | 0 | _aДети дошкольного возраста - Подготовка к школе | |
| 610 | 0 | _aДетские сады - Методика работы | |
| 675 | _a373.21.02 | ||
| 686 |
_a14.23 _2rugasnti |
||
| 686 |
_a74.102 _2rubbkm |
||
| 702 | 1 |
_aПетровский _bВ. А. _gВадим Артурович _4220 |
|
| 702 | 1 |
_aСтеркина _bР. Б. _gРина Борисовна _4080 |
|
| 852 |
_aNLR _j93-3/6476 |
||
| 942 | _cBOOK | ||
| 980 | _aNB | ||